000 00318pab a2200145 454500
008 180718b1987 xxu||||| |||| 00| 0 eng d
100 _aReddy, B.R.C.
245 _aPoverty and deficit financing
260 _c1987
300 _a11-12
362 _a5 Apr.
650 _aPoverty
773 _aJanata
909 _a15754
999 _c15754
_d15754